• 首页
  • 本馆介绍
  • 公告通知
  • 最新文献
  • 馆藏检索
  • 电子资源
  • 读者导购
  • 参考咨询
  • 我的图书馆
  • 登录
  • 详细信息显示
  • 放入我的书架
  • 预约/预借图书
  • 作者相关作品
  • 分类相关作品
  • 丛书相关作品
  • 出版社相关作品

书目信息

  • 表格格式
  • 工作单格式
  • 卡片格式
题名:
标牌设计小典
    
 
作者: 金信 编
分册:  
出版信息: 福州   福建美术出版社  2020.01
页数: 70页
开本: 48开
丛书名: 现代设计小典丛书
单 册:
中图分类: J534.4
科图分类:
主题词: 工艺美术--世界 , 工艺美术--各国--技术 , 装订
电子资源:
ISBN: 7-5393-1094-4
000 00668nam0 2200241 45
001 0206171036
005 20020617105324.3
010    @a7-5393-1094-4@d15.00元
100    @a20020617d km y0chiy0120 ea
101 0  @achi
105    @a z 000yy
200 1  @a标牌设计小典@ABiao Pai She Ji Xiao Dian@f金信编@FJin Xin Bian
210    @a福州@c福建美术出版社@d2020.01
215    @a70页@d48开
225    @a现代设计小典丛书
410    @12001 @a现代设计小典丛书
606 0  @a工艺美术@x世界
606 0  @a工艺美术@y各国@x技术
606 0  @a装订
690    @aJ534.4@v3
701  0 @a金信@4编
801    @aCN@bPftUser@c20020617
905    @dJ534.4@e1@aBZT@b340771-775@f5
    
    标牌设计小典/金信编.-福州:福建美术出版社,2020.01
    70页;48开.-(现代设计小典丛书)
    
    
    ISBN 7-5393-1094-4:15.00元
    
●
相关链接 在五车中查询图书 在当当中查询图书 在豆瓣中查询图书


正题名:标牌设计小典     索取号:J534.4/1         预约/预借

序号 登录号 条形码 馆藏地/架位号 状态 备注
1 340771   201170222   中心书库中库/ 中库020架A面3列1层14/ [索取号:J534.4/1] 在馆    
2 340772   201170231   中心书库中库/ 中库020架A面3列1层11/ [索取号:J534.4/1] 在馆    
3 340773   201170240   中心书库中库/ 中库020架A面3列1层13/ [索取号:J534.4/1] 在馆    
4 340774   201170259   中心书库中库/ 中库020架A面3列1层10/ [索取号:J534.4/1] 在馆    
5 340775   201170268   中心书库中库/ 中库020架A面3列1层12/ [索取号:J534.4/1] 在馆    
山东省滨州职业学院图书馆 欢迎您!
大连网信软件有限公司© 版权所有